[Event "Saint John CC Sect. 3"]
[Site "Saint John CAN"]
[Date "1997.02.20"]
[Round "3"]
[White "Bordage, Don"]
[Black "Doucette, Raymond"]
[Result "0-1"]
[WhiteElo "1605"]
[BlackElo "1625"]
[PlyCount "72"]
[GameId "2160767911966533"]
[EventDate "1997.02.06"]
[EventType "swiss"]
[EventRounds "7"]
[EventCountry "CAN"]

1. e4 e6 2. Nf3 d5 3. exd5 exd5 4. Qe2+ Be7 5. g3 Nf6 6. Bg2 O-O 7. O-O Bf5 8. d4 Re8 9. Qd1 c5 10. c3 Nc6 11. Be3 c4 12. a4 Qd7 13. b3 cxb3 14. Qxb3 b6 15. Re1 Bh3 16. Bh1 Na5 17. Qb5 Qxb5 18. axb5 Bd7 19. Na3 Bxa3 20. Rxa3 Bxb5 21. Bg5 Rxe1+ 22. Nxe1 Re8 23. Ra1 Ne4 24. Bxe4 Rxe4 25. Nc2 f6 26. Bf4 a6 27. Nb4 Bc4 28. Bc7 Nb3 29. Ra3 a5 30. Nc6 Re1+ 31. Kg2 Bf1+ 32. Kf3 Nd2+ 33. Kg4 Re4+ 34. f4 g6 35. Ra2 h5+ 36. Kh4 Nf3# 0-1

[Event "Saint Luc Haut-Richelieu"]
[Site "Saint Luc CAN"]
[Date "1997.05.19"]
[Round "4"]
[White "Prahov, Valentin"]
[Black "Ghannoum, Marc"]
[Result "1-0"]
[WhiteElo "2138"]
[BlackElo "2239"]
[PlyCount "121"]
[GameId "2160767911965858"]
[EventDate "1997.05.17"]
[EventType "swiss"]
[EventRounds "5"]
[EventCountry "CAN"]
[SourceTitle "EXT 2022"]
[Source "ChessBase"]
[SourceDate "2021.10.06"]
[SourceVersion "1"]
[SourceVersionDate "2021.10.06"]
[SourceQuality "1"]

1. e4 e5 2. Nf3 Nc6 3. Bb5 f5 4. d3 fxe4 5. dxe4 Nf6 6. O-O Bc5 7. Bxc6 bxc6 8. Nxe5 O-O 9. Bg5 Qe8 10. Bxf6 Rxf6 11. Nd3 Bd4 12. c3 Bb6 13. Nd2 d5 14. exd5 cxd5 15. Rc1 Ba6 16. c4 Rd8 17. Nb4 dxc4 18. Nxa6 Rxf2 19. Rxf2 Qe3 20. Ne4 Rxd1+ 21. Rxd1 h5 22. Nac5 Bxc5 23. Nxc5 Qxc5 24. Rc1 h4 25. h3 Qd4 26. a3 Kh7 27. Rc3 g5 28. Rcf3 Kg6 29. Kh1 Qe5 30. Rc2 Qe1+ 31. Kh2 Qe5+ 32. Kg1 Qe1+ 33. Rf1 Qe3+ 34. Kh1 Qe5 35. a4 Qd4 36. Rfc1 Kf5 37. Rxc4 Qxb2 38. Rxc7 a6 39. a5 Kf4 40. Rf1+ Ke4 41. Rc5 Qd2 42. Rfc1 Kd4 43. R1c4+ Ke3 44. Re5+ Kf2 45. Rf5+ Ke3 46. Rcc5 Qd1+ 47. Kh2 Qd6+ 48. Rce5+ Kd4 49. Rxg5 Qc7 50. Rgf5 Qb8 51. Kg1 Qb1+ 52. Rf1 Qh7 53. Rfe1 Kc4 54. R1e4+ Kb3 55. Rf4 Qb1+ 56. Kh2 Qh7 57. Re3+ Kc2 58. Ree4 Kd3 59. Rxh4 Qc7+ 60. Rhf4 Qxa5 61. Ra4 1-0

[Event "Saskatchewan-ch"]
[Site "Saskatoon CAN"]
[Date "1997.05.25"]
[Round "4"]
[White "McIntyre, John"]
[Black "Dimnik, P."]
[Result "1-0"]
[WhiteElo "1900"]
[BlackElo "1715"]
[PlyCount "85"]
[GameId "2160767911965769"]
[EventDate "1997.05.24"]
[EventType "tourn"]
[EventRounds "5"]
[EventCountry "CAN"]

1. e4 e5 2. Nf3 Nf6 3. Nc3 Nc6 4. Bc4 Bc5 5. d3 d6 6. Bg5 h6 7. Bh4 g5 8. Bg3 Bg4 9. Nd5 Nd4 10. h4 Bxf3 11. gxf3 Kd7 12. c3 Ne6 13. Qb3 Kc8 14. O-O-O Nd7 15. Kb1 Rg8 16. hxg5 hxg5 17. Rh7 Qe8 18. Rdh1 c6 19. Nb4 a5 20. a3 axb4 21. axb4 Bb6 22. Rxf7 Ndf8 23. Bxe6+ Nxe6 24. Rhh7 Nd8 25. Re7 Qf8 26. f4 exf4 27. Bh2 Rh8 28. b5 Rxh7 29. Rxh7 Bxf2 30. bxc6 bxc6 31. d4 Rb8 32. Qa4 Nf7 33. Qa7 Rb7 34. Qa8+ Rb8 35. Qxc6+ Kd8 36. Qd5 Ke7 37. Qxg5+ Ke8 38. Qxf4 Qg8 39. Qf5 Rd8 40. Bf4 Qg1+ 41. Kc2 Qg8 42. Qe6+ Kf8 43. Bh6+ 1-0

[Event "Saskatchewan-ch"]
[Site "Saskatoon CAN"]
[Date "1997.05.25"]
[Round "5"]
[White "Kowalczyk, Tadeusz"]
[Black "McIntyre, John"]
[Result "1/2-1/2"]
[WhiteElo "1973"]
[BlackElo "1900"]
[PlyCount "67"]
[GameId "2160767911965770"]
[EventDate "1997.05.24"]
[EventType "tourn"]
[EventRounds "5"]
[EventCountry "CAN"]

1. e4 Nf6 2. Nc3 e5 3. g3 Bc5 4. Bg2 d6 5. Nge2 Nc6 6. d3 Ng4 7. O-O h5 8. h3 h4 9. hxg4 hxg3 10. Nxg3 Qh4 11. Re1 Qxg3 12. Be3 Qh2+ 13. Kf1 Nd4 14. Nd5 Rh4 15. Nxc7+ Kf8 16. f3 Rb8 17. c3 Ne6 18. Nxe6+ Bxe6 19. d4 exd4 20. Bxd4 Bc4+ 21. Kf2 Rh3 22. Bxc5 dxc5 23. Rh1 Qg3+ 24. Ke3 Rxh1 25. Qxh1 Rd8 26. Rd1 Rxd1 27. Qxd1 Ke7 28. b3 Qxg2 29. bxc4 Qxa2 30. Qd5 b6 31. e5 Qa4 32. Qd6+ Ke8 33. Qb8+ Ke7 34. Qd6+ 1/2-1/2

[Event "Snitka mem."]
[Site "Edmonton CAN"]
[Date "1997.03.04"]
[Round "2"]
[White "Ottosen, David"]
[Black "Hughey, Micah"]
[Result "1-0"]
[WhiteElo "2089"]
[BlackElo "1960"]
[PlyCount "57"]
[GameId "2160767911966456"]
[EventDate "1997.02.25"]
[EventType "swiss"]
[EventRounds "5"]
[EventCountry "CAN"]

1. d4 d5 2. f4 c5 3. e3 Nf6 4. c3 e6 5. Bd3 Nc6 6. Nf3 Be7 7. O-O O-O 8. Nbd2 Qc7 9. Ne5 b6 10. g4 Bb7 11. Qf3 Nd7 12. Qh3 g6 13. Rf3 Ncxe5 14. fxe5 f5 15. Qh6 Rf7 16. gxf5 gxf5 17. Rg3+ Kh8 18. Qxe6 Raf8 19. Qh6 Rg8 20. Nf1 Nxe5 21. Rxg8+ Kxg8 22. dxe5 Qxe5 23. Qf4 Qf6 24. Qb8+ Bd8 25. Ng3 Rg7 26. Bd2 d4 27. Rf1 Rd7 28. Bxf5 Qc6 29. e4 1-0

[Event "Snitka mem."]
[Site "Edmonton CAN"]
[Date "1997.03.18"]
[Round "3"]
[White "Dartana, Christiaan"]
[Black "Ottosen, David"]
[Result "1/2-1/2"]
[WhiteElo "1954"]
[BlackElo "2089"]
[PlyCount "56"]
[GameId "2160767911966457"]
[EventDate "1997.02.25"]
[EventType "swiss"]
[EventRounds "5"]
[EventCountry "CAN"]

1. Nf3 d5 2. g3 c5 3. Bg2 Nc6 4. O-O e5 5. d3 h6 6. Nbd2 Bg4 7. c3 Bd6 8. e4 d4 9. h3 Be6 10. Nh4 Qd7 11. Nf5 Bxf5 12. exf5 Nf6 13. Qf3 O-O 14. Ne4 Be7 15. c4 Kh7 16. g4 g6 17. Bxh6 Nxe4 18. Bxf8 Ng5 19. Qg3 Rxf8 20. h4 Kg7 21. hxg5 Bxg5 22. Rfe1 Bf4 23. f6+ Kxf6 24. Qf3 Rh8 25. Re4 Kg7 26. Rae1 Nd8 27. Rxf4 exf4 28. Qxf4 Re8 1/2-1/2

[Event "Snitka mem."]
[Site "Edmonton CAN"]
[Date "1997.03.18"]
[Round "4"]
[White "Cyr, Michel"]
[Black "Ottosen, David"]
[Result "0-1"]
[WhiteElo "1644"]
[BlackElo "2089"]
[PlyCount "34"]
[GameId "2160767911966458"]
[EventDate "1997.02.25"]
[EventType "swiss"]
[EventRounds "5"]
[EventCountry "CAN"]

1. e4 c5 2. Nf3 Nc6 3. d4 cxd4 4. Nxd4 Nf6 5. Nc3 e5 6. Nf3 Bb4 7. Bc4 O-O 8. O-O Bxc3 9. bxc3 Nxe4 10. Bxf7+ Rxf7 11. Qd5 Nf6 12. Qc4 d5 13. Qh4 Ne4 14. Ng5 h6 15. f4 hxg5 16. fxg5 Qb6+ 17. Kh1 Rxf1# 0-1

[Event "Snitka mem."]
[Site "Edmonton CAN"]
[Date "1997.03.25"]
[Round "5"]
[White "Ottosen, David"]
[Black "Bjornsson, Yngvi"]
[Result "1-0"]
[WhiteElo "2089"]
[BlackElo "2018"]
[PlyCount "81"]
[GameId "2160767911966459"]
[EventDate "1997.02.25"]
[EventType "swiss"]
[EventRounds "5"]
[EventCountry "CAN"]

1. e4 c6 2. Nc3 d5 3. Nf3 Bg4 4. h3 Bxf3 5. Qxf3 d4 6. Ne2 c5 7. d3 Nc6 8. Ng3 e6 9. Qd1 Bd6 10. Ne2 Nf6 11. g3 Qc7 12. Bg2 O-O-O 13. O-O h6 14. Bd2 g5 15. f4 Nh5 16. Bf3 Ng7 17. c3 gxf4 18. gxf4 dxc3 19. bxc3 Rhg8 20. Kh1 f5 21. e5 Nxe5 22. fxe5 Bxe5 23. d4 Bd6 24. Rb1 b6 25. Qa4 e5 26. Bd5 exd4 27. cxd4 Nh5 28. Rxf5 Ng3+ 29. Nxg3 Rxg3 30. Qa6+ Kb8 31. Rf7 Rxh3+ 32. Kg2 Rh2+ 33. Kf3 Rf8 34. Rxf8+ Bxf8 35. Bf4 Rf2+ 36. Kxf2 Qxf4+ 37. Bf3 Qh2+ 38. Kf1 Qh3+ 39. Ke2 Qh2+ 40. Kd3 c4+ 41. Qxc4 1-0

[Event "Spring Frost"]
[Site "Ottawa CAN"]
[Date "1997.03.27"]
[Round "2"]
[White "Morrissey, Leonard"]
[Black "Pacey, Kevin"]
[Result "0-1"]
[WhiteElo "2129"]
[BlackElo "2220"]
[PlyCount "84"]
[GameId "2160767911966290"]
[EventDate "1997.03.20"]
[EventType "swiss"]
[EventRounds "5"]
[EventCountry "CAN"]

1. d4 Nf6 2. Nf3 e6 3. c4 d5 4. Nc3 Be7 5. Bg5 O-O 6. e3 Nbd7 7. cxd5 Nxd5 8. Bxe7 Qxe7 9. Nxd5 exd5 10. Bd3 Nf6 11. Qc2 Ne4 12. O-O c6 13. a3 a5 14. Rab1 Bf5 15. Rfe1 Rfe8 16. Rbc1 Qd6 17. Nd2 Qg6 18. Nf3 Ng5 19. Nxg5 Bxd3 20. Qd2 Bf5 21. f4 Qd6 22. Nf3 f6 23. Rc3 a4 24. Rec1 Re7 25. Ne1 Rae8 26. Nc2 Re6 27. Kf2 Qe7 28. Nb4 g5 29. g3 Kh8 30. Rg1 Rg8 31. fxg5 fxg5 32. Na2 Rf8 33. Ke1 Bh3 34. Kd1 Ref6 35. Re1 Rf2 36. Qd3 Rxb2 37. Nb4 Bf5 38. e4 Bxe4 39. Qe3 Rf3 40. Qc1 Rxc3 41. Qxb2 Rb3 42. Qc1 Qf6 0-1

[Event "Spring Frost"]
[Site "Ottawa CAN"]
[Date "1997.04.06"]
[Round "3"]
[White "Pacey, Kevin"]
[Black "Allen, Graham"]
[Result "1/2-1/2"]
[WhiteElo "2220"]
[BlackElo "2087"]
[PlyCount "45"]
[GameId "2160767911966291"]
[EventDate "1997.03.20"]
[EventType "swiss"]
[EventRounds "5"]
[EventCountry "CAN"]

1. e4 e6 2. d4 d5 3. Nc3 Bb4 4. e5 c5 5. a3 Bxc3+ 6. bxc3 Ne7 7. Nf3 Qa5 8. Bd2 Qa4 9. dxc5 Nd7 10. Nd4 a6 11. Bd3 Nxe5 12. Qe2 Nd7 13. O-O Nxc5 14. f4 Nxd3 15. cxd3 O-O 16. Rfb1 Qa5 17. Rb2 Nc6 18. Nxc6 bxc6 19. Qf2 Bd7 20. Rb7 Bc8 21. Rb6 Bd7 22. Rb7 Bc8 23. Rb6 1/2-1/2

[Event "Spring Frost"]
[Site "Ottawa CAN"]
[Date "1997.04.10"]
[Round "4"]
[White "Pacey, Kevin"]
[Black "Devenport, Martin"]
[Result "1-0"]
[WhiteElo "2220"]
[BlackElo "2197"]
[PlyCount "73"]
[GameId "2160767911966292"]
[EventDate "1997.03.20"]
[EventType "swiss"]
[EventRounds "5"]
[EventCountry "CAN"]

1. d4 Nf6 2. Nc3 c5 3. d5 d6 4. e4 g6 5. Nf3 Bg7 6. Be2 O-O 7. O-O e6 8. Bg5 h6 9. Bh4 Na6 10. dxe6 Bxe6 11. Nd2 Nc7 12. Nb3 a5 13. e5 dxe5 14. Nxc5 Bd5 15. Bxf6 Bxf6 16. Nxd5 Qxd5 17. Nd7 Qe6 18. Nxf8 Rxf8 19. c3 Rd8 20. Qc2 b5 21. a4 Qb6 22. axb5 Nxb5 23. Qb3 Rb8 24. Bxb5 Qxb5 25. Qxb5 Rxb5 26. Ra2 Kg7 27. Rd1 Bg5 28. Kf1 h5 29. Ke2 Bf4 30. g3 Bh6 31. Kd3 Kf6 32. Kc4 Rb8 33. Rd7 Bc1 34. b3 Rc8+ 35. Kd3 Rc5 36. Ra7 Rd5+ 37. Ke2 1-0

[Event "Spring op"]
[Site "Winnipeg CAN"]
[Date "1997.04.12"]
[Round "1"]
[White "Agusti, Marcos"]
[Black "Kurlyandchik, Evgeni"]
[Result "1/2-1/2"]
[WhiteElo "1651"]
[BlackElo "2203"]
[PlyCount "39"]
[GameId "2160767911966122"]
[EventDate "1997.04.12"]
[EventType "swiss"]
[EventRounds "5"]
[EventCountry "CAN"]

1. d4 Nf6 2. c4 e6 3. Nf3 b6 4. a3 Bb7 5. Nc3 Be7 6. Qc2 d5 7. cxd5 exd5 8. e3 O-O 9. Bd3 Nbd7 10. O-O c5 11. Re1 Rc8 12. Qe2 Ne4 13. Nd2 Ndf6 14. f3 Nxc3 15. bxc3 Re8 16. Nf1 Bd6 17. Qf2 Qc7 18. Bd2 Re7 19. a4 Bc6 20. g4 1/2-1/2

[Event "Spring op"]
[Site "Winnipeg CAN"]
[Date "1997.04.12"]
[Round "1"]
[White "Babb, Jeff"]
[Black "Desrochers, Kerry"]
[Result "1-0"]
[WhiteElo "2226"]
[BlackElo "1681"]
[PlyCount "67"]
[GameId "2160767911966123"]
[EventDate "1997.04.12"]
[EventType "swiss"]
[EventRounds "5"]
[EventCountry "CAN"]

1. e4 e6 2. d3 d5 3. Nd2 g6 4. g3 Bg7 5. Bg2 Ne7 6. f4 b6 7. Ngf3 Bb7 8. O-O c5 9. e5 Nbc6 10. a3 Nf5 11. Re1 O-O 12. c3 d4 13. Ne4 dxc3 14. bxc3 Ba6 15. g4 Nh4 16. Nxh4 Qxh4 17. Re3 Nxe5 18. fxe5 Bxe5 19. Rh3 Qd8 20. Bh6 Bg7 21. Qd2 f5 22. gxf5 exf5 23. Bxg7 fxe4 24. Bxf8 Qxf8 25. Rf1 Qg7 26. Bxe4 Rd8 27. Qf4 Qd7 28. Rhf3 Qg7 29. c4 Bc8 30. Bd5+ Kh8 31. Qf8+ Rxf8 32. Rxf8+ Qxf8 33. Rxf8+ Kg7 34. Rxc8 1-0

[Event "Spring op"]
[Site "Winnipeg CAN"]
[Date "1997.04.12"]
[Round "1"]
[White "Roque, Rodolfo"]
[Black "Milord, Frank"]
[Result "0-1"]
[WhiteElo "1956"]
[BlackElo "1609"]
[PlyCount "112"]
[GameId "2160767911966124"]
[EventDate "1997.04.12"]
[EventType "swiss"]
[EventRounds "5"]
[EventCountry "CAN"]

1. d4 Nf6 2. c4 e6 3. a3 c5 4. e3 d5 5. Nf3 Nc6 6. Be2 Be7 7. O-O a5 8. Nc3 cxd4 9. exd4 dxc4 10. Bxc4 Nd5 11. Re1 O-O 12. Be3 Bf6 13. Rc1 Nce7 14. Re2 Bd7 15. Qd2 Nxe3 16. fxe3 Bc6 17. e4 Qb6 18. Qe3 Ng6 19. e5 Bxf3 20. gxf3 Bg5 21. Qxg5 Qxd4+ 22. Qe3 Qxc4 23. Ne4 Qd5 24. Rc5 Qd8 25. Nd6 Qh4 26. Rec2 Nf4 27. Rc7 Nd5 28. R2c4 Qxc4 29. Nxc4 Nxe3 30. Nxe3 b5 31. Kf2 h5 32. Kg3 g6 33. Kh4 Kg7 34. Kg5 Rfc8 35. Rb7 Rab8 36. Ra7 a4 37. Ng2 Rc5 38. Kf4 Rbc8 39. Ne3 R8c7 40. Ra8 f6 41. exf6+ Kxf6 42. h4 Rf7 43. Rg8 Re5 44. Nc2 Rf5+ 45. Ke4 Ke7 46. Nd4 Rf4+ 47. Ke3 e5 48. Nc6+ Kd6 49. Rxg6+ R7f6 50. Rxf6+ Rxf6 51. Na7 Kc5 52. Ke4 Rf4+ 53. Kxe5 Rxf3 54. Nc8 Rh3 55. Ne7 Rxh4 56. Nf5 Rh2 0-1

[Event "Spring op"]
[Site "Winnipeg CAN"]
[Date "1997.04.12"]
[Round "1"]
[White "Trueman, Francis"]
[Black "Sekhar, Ganesan"]
[Result "0-1"]
[WhiteElo "1502"]
[BlackElo "1936"]
[PlyCount "54"]
[GameId "2160767911966125"]
[EventDate "1997.04.12"]
[EventType "swiss"]
[EventRounds "5"]
[EventCountry "CAN"]

1. e4 e5 2. Nf3 Nc6 3. c3 Nf6 4. d3 Be7 5. g3 d6 6. Bg2 Bg4 7. Nbd2 h5 8. h4 O-O 9. O-O Qd7 10. Re1 Rae8 11. Nf1 d5 12. exd5 Nxd5 13. N1h2 Bf6 14. Nxg4 Qxg4 15. Qb3 Nb6 16. Nh2 Qa4 17. Bf3 g6 18. Bh6 Bg7 19. Be3 Rd8 20. Be4 Na5 21. Qxa4 Nxa4 22. b4 f5 23. Bg2 Nc6 24. Bxc6 bxc6 25. Rac1 Rxd3 26. Nf3 f4 27. Bxa7 Rxf3 0-1

[Event "Spring op"]
[Site "Winnipeg CAN"]
[Date "1997.04.12"]
[Round "2"]
[White "Andersen, Sune"]
[Black "Czarny, Keith"]
[Result "1-0"]
[WhiteElo "2104"]
[BlackElo "1690"]
[PlyCount "32"]
[GameId "2160767911966126"]
[EventDate "1997.04.12"]
[EventType "swiss"]
[EventRounds "5"]
[EventCountry "CAN"]

1. e4 b6 2. Nf3 Bb7 3. Nc3 e6 4. d4 d6 5. Bd3 Nd7 6. O-O Be7 7. Re1 c5 8. Ne2 cxd4 9. Nexd4 e5 10. Nf5 Bf8 11. Bc4 Nc5 12. Bb5+ Nd7 13. Nxd6+ Bxd6 14. Qxd6 f6 15. Rd1 Bc8 16. Bc6 Rb8 1-0

[Event "Spring op"]
[Site "Winnipeg CAN"]
[Date "1997.04.12"]
[Round "2"]
[White "Gannon, Keith"]
[Black "Lukic, Luka"]
[Result "0-1"]
[WhiteElo "1683"]
[BlackElo "1899"]
[PlyCount "138"]
[GameId "2160767911966127"]
[EventDate "1997.04.12"]
[EventType "swiss"]
[EventRounds "5"]
[EventCountry "CAN"]

1. e4 c5 2. Nc3 Nc6 3. Nf3 d6 4. d4 cxd4 5. Nxd4 g6 6. Bb5 Bd7 7. O-O Bg7 8. Be3 Nf6 9. Re1 O-O 10. Qd2 Rc8 11. Nxc6 bxc6 12. Bf1 Qc7 13. Bh6 Rfe8 14. Bxg7 Kxg7 15. Rad1 Rb8 16. b3 Be6 17. a4 Ng4 18. Be2 f6 19. Bxg4 Bxg4 20. f3 Be6 21. Qe3 Qb6 22. Qxb6 axb6 23. Rd2 Kf7 24. Nd1 b5 25. axb5 Rxb5 26. Ne3 Ra8 27. Kf2 Ra2 28. Ree2 Rb8 29. g4 Bc8 30. Kg3 Be6 31. h4 Rb5 32. Rh2 h5 33. Nd1 Rba5 34. c4 Rxd2 35. Rxd2 Ra1 36. Ne3 Rb1 37. gxh5 Rxb3 38. hxg6+ Kxg6 39. Re2 Rc3 40. Kf4 Bxc4 41. Rg2+ Kf7 42. Nf5 Be6 43. Nh6+ Kf8 44. Rb2 Kg7 45. Ng4 Bxg4 46. Kxg4 Rc5 47. Rb7 Re5 48. Rb4 Rb5 49. Ra4 Rb7 50. f4 c5 51. Kf5 Kf7 52. e5 e6+ 53. Kg4 dxe5 54. Kh5 exf4 55. Rxf4 Rd7 56. Ra4 Kg7 57. Ra6 Rd5+ 58. Kg4 Re5 59. Ra7+ Kh6 60. Ra8 f5+ 61. Kf4 Re4+ 62. Kg3 c4 63. Rh8+ Kg7 64. Rc8 Kf6 65. Rf8+ Ke5 66. h5 Rg4+ 67. Kh3 Rg1 68. Kh2 Rg7 69. h6 Rh7 0-1

[Event "Spring op"]
[Site "Winnipeg CAN"]
[Date "1997.04.12"]
[Round "2"]
[White "Kurlyandchik, Evgeni"]
[Black "Milord, Frank"]
[Result "1/2-1/2"]
[WhiteElo "2203"]
[BlackElo "1609"]
[PlyCount "55"]
[GameId "2160767911966128"]
[EventDate "1997.04.12"]
[EventType "swiss"]
[EventRounds "5"]
[EventCountry "CAN"]

1. e4 d6 2. d4 Nf6 3. Nc3 g6 4. f4 Bg7 5. Nf3 c6 6. Bd3 Bg4 7. Be3 Nbd7 8. e5 dxe5 9. dxe5 Nd5 10. Nxd5 cxd5 11. O-O O-O 12. h3 Bxf3 13. Qxf3 e6 14. c4 Nb6 15. Bc5 Re8 16. cxd5 Qxd5 17. Bxb6 Qxf3 18. Rxf3 axb6 19. a3 Rac8 20. Be4 Rc7 21. Rb3 Bf8 22. Kf1 Rc4 23. Re1 Bc5 24. g3 Rd8 25. Rd3 Rdd4 26. Rxd4 Bxd4 27. Re2 Kg7 28. Kg2 1/2-1/2

[Event "Spring op"]
[Site "Winnipeg CAN"]
[Date "1997.04.12"]
[Round "2"]
[White "Repa, Jason"]
[Black "Babb, Jeff"]
[Result "0-1"]
[WhiteElo "1806"]
[BlackElo "2226"]
[PlyCount "90"]
[GameId "2160767911966129"]
[EventDate "1997.04.12"]
[EventType "swiss"]
[EventRounds "5"]
[EventCountry "CAN"]

1. e4 e5 2. Nf3 Nc6 3. Bb5 a6 4. Bxc6 dxc6 5. O-O f6 6. d4 Bg4 7. dxe5 Qxd1 8. Rxd1 fxe5 9. Rd3 Bxf3 10. gxf3 Bd6 11. Nd2 Nf6 12. Nc4 O-O-O 13. Bg5 h6 14. Bh4 Rhe8 15. Rad1 Re6 16. f4 exf4 17. e5 g5 18. exf6 Rxf6 19. Bxg5 hxg5 20. Ne5 Rh8 21. Ng4 Re6 22. Kg2 b5 23. a4 Kb7 24. axb5 cxb5 25. Rd5 Re2 26. R1d2 Rxd2 27. Rxd2 Kc6 28. Kf3 Rh4 29. Rd1 a5 30. Rg1 a4 31. Ke4 f3 32. Kxf3 b4 33. Ne3 Bf4 34. Ng2 Rxh2 35. Nxf4 gxf4 36. Rg5 Kb6 37. Rg4 Kb5 38. Rxf4 Rh1 39. Ke4 a3 40. Rf5+ c5 41. bxa3 bxa3 42. Rf3 a2 43. Ra3 a1=Q 44. Rxa1 Rxa1 45. f4 Kc4 0-1

[Event "Spring op"]
[Site "Winnipeg CAN"]
[Date "1997.04.12"]
[Round "2"]
[White "Sekhar, Ganesan"]
[Black "Llanillos, Ruben"]
[Result "1-0"]
[WhiteElo "1936"]
[BlackElo "1751"]
[PlyCount "103"]
[GameId "2160767911966130"]
[EventDate "1997.04.12"]
[EventType "swiss"]
[EventRounds "5"]
[EventCountry "CAN"]

1. e4 c5 2. Nf3 e6 3. d4 cxd4 4. Nxd4 Nf6 5. Bd3 Be7 6. O-O O-O 7. c4 Nc6 8. Be3 d6 9. Nc3 Nxd4 10. Bxd4 e5 11. Be3 Ng4 12. Bd2 f5 13. exf5 Nf6 14. Qb3 Kh8 15. Rad1 b6 16. f3 Bd7 17. Bg5 a5 18. a4 Bc6 19. Be3 Rb8 20. Be4 Be8 21. Qc2 Bf7 22. b3 Rc8 23. Qf2 Rb8 24. Rd3 Nd7 25. Rfd1 Nc5 26. Bxc5 bxc5 27. Nb5 Rb6 28. f4 Bh5 29. fxe5 Bxd1 30. Rxd1 Qb8 31. e6 Bf6 32. Qf3 Be5 33. Qh5 Bf6 34. Rd3 Qd8 35. g4 h6 36. Kg2 Qe7 37. Qg6 Kg8 38. Bd5 Bg5 39. Na7 Kh8 40. Nb5 Rf6 41. Qh5 Rf8 42. Qh3 Qf6 43. Qg3 Qb2+ 44. Qf2 Qxf2+ 45. Kxf2 g6 46. Be4 gxf5 47. gxf5 Be7 48. Nc7 Rbb8 49. Nd5 Bf6 50. Nxf6 Rxf6 51. Rxd6 Rxb3 52. e7 1-0

[Event "Spring op"]
[Site "Winnipeg CAN"]
[Date "1997.04.12"]
[Round "3"]
[White "Andersen, Sune"]
[Black "Sekhar, Ganesan"]
[Result "1-0"]
[WhiteElo "2104"]
[BlackElo "1936"]
[PlyCount "163"]
[GameId "2160767911966131"]
[EventDate "1997.04.12"]
[EventType "swiss"]
[EventRounds "5"]
[EventCountry "CAN"]

1. e4 e5 2. Nf3 Nc6 3. Bc4 Be7 4. O-O d6 5. d3 Nf6 6. c3 O-O 7. h3 Na5 8. Bb5 c6 9. Ba4 b5 10. Bc2 Qc7 11. Qe2 Bd7 12. Be3 c5 13. Rd1 Rab8 14. Nbd2 Rfc8 15. Nb3 Nc6 16. d4 c4 17. Nbd2 Bf8 18. b4 exd4 19. Nxd4 Re8 20. Qf3 Ne5 21. Qe2 Ng6 22. Bg5 Be7 23. N2f3 h6 24. Bxf6 Bxf6 25. Qd2 Rb6 26. Re1 Ne5 27. a4 bxa4 28. Nxe5 dxe5 29. Nf3 Ra6 30. Qe2 a3 31. Nd2 Be6 32. Ra2 Bg5 33. Nf3 Be7 34. Rea1 Bc8 35. Rxa3 Rxa3 36. Rxa3 Rd8 37. Ra5 f6 38. Qe3 Qb6 39. Rxa7 Qxe3 40. fxe3 Kf7 41. Kf2 g5 42. Ke2 h5 43. Nd2 Be6 44. Nf1 h4 45. Nh2 Rd7 46. Ra8 Rd8 47. Rxd8 Bxd8 48. Ba4 Ke7 49. Bb5 Kd6 50. Nf1 g4 51. hxg4 Bxg4+ 52. Kf2 f5 53. Nd2 fxe4 54. Nxe4+ Kd5 55. Nd2 e4 56. Ba6 h3 57. gxh3 Bxh3 58. Bb7+ Kd6 59. Nxe4+ Ke5 60. Nd2 Bh4+ 61. Ke2 Bg4+ 62. Nf3+ Kd6 63. Kd2 Bf6 64. Nd4 Bh5 65. Ba6 Bf7 66. Nb5+ Ke5 67. Na3 Ke4 68. Bxc4 Be8 69. Nc2 Bg5 70. Bd3+ Kf3 71. c4 Ba4 72. Nd4+ Kf2 73. Nf5 Bd7 74. c5 Bxf5 75. Bxf5 Bxe3+ 76. Kd3 Kf3 77. c6 Bb6 78. Kc4 Kf4 79. Kb5 Bc7 80. Bd7 Ke5 81. Ka6 Kd6 82. Kb7 1-0

[Event "Spring op"]
[Site "Winnipeg CAN"]
[Date "1997.04.12"]
[Round "3"]
[White "Babb, Jeff"]
[Black "Lukic, Luka"]
[Result "1-0"]
[WhiteElo "2226"]
[BlackElo "1899"]
[PlyCount "139"]
[GameId "2160767911966132"]
[EventDate "1997.04.12"]
[EventType "swiss"]
[EventRounds "5"]
[EventCountry "CAN"]

1. e4 e6 2. d3 d5 3. Nd2 Nd7 4. Ngf3 dxe4 5. dxe4 c6 6. Nc4 Qc7 7. e5 Nb6 8. Be3 Nxc4 9. Bxc4 Ne7 10. Bc5 Ng6 11. Bxf8 Nxf8 12. O-O Ng6 13. Qe2 O-O 14. Qe4 b5 15. Bxb5 Bb7 16. Be2 Rad8 17. Qe3 c5 18. Rfe1 a6 19. Bd3 Rd7 20. Be4 Bxe4 21. Qxe4 Rfd8 22. h3 h6 23. g3 Rd5 24. Kg2 a5 25. c4 Rd3 26. Re3 Rxe3 27. Qxe3 Qc6 28. Re1 Rd4 29. b3 Ne7 30. Kh2 Rd8 31. Qe4 Kf8 32. Qxc6 Nxc6 33. Kg2 Rd3 34. Re2 Ke7 35. g4 a4 36. bxa4 Ra3 37. Rb2 Nb4 38. Nd2 Rxa4 39. Ne4 Nxa2 40. Rb7+ Kf8 41. Nd6 Kg8 42. Rc7 Nb4 43. Rxc5 Nd3 44. Rc8+ Kh7 45. Nxf7 Kg6 46. Rc7 Ra5 47. h4 Nxe5 48. Nxe5+ Rxe5 49. h5+ Kf6 50. Kf3 Re1 51. c5 Rc1 52. c6 Rc4 53. Kg3 Rc5 54. f3 e5 55. Rc8 Rc2 56. c7 Kf7 57. g5 hxg5 58. Kg4 Rc5 59. Kf5 e4+ 60. Kxe4 Rc1 61. Kf5 Rc5+ 62. Kg4 Rc1 63. Kxg5 Rg1+ 64. Kf5 Rc1 65. f4 Rc2 66. Kg4 Rg2+ 67. Kf3 Rc2 68. f5 Rc3+ 69. Kf4 Rc1 70. h6 1-0

[Event "Spring op"]
[Site "Winnipeg CAN"]
[Date "1997.04.12"]
[Round "3"]
[White "Kurlyandchik, Evgeni"]
[Black "Gannon, Keith"]
[Result "1-0"]
[WhiteElo "2203"]
[BlackElo "1683"]
[PlyCount "63"]
[GameId "2160767911966133"]
[EventDate "1997.04.12"]
[EventType "swiss"]
[EventRounds "5"]
[EventCountry "CAN"]

1. e4 e6 2. Nc3 c5 3. Nf3 a6 4. d4 cxd4 5. Nxd4 Bb4 6. Bd3 Nc6 7. Nf3 Nf6 8. O-O d6 9. Bg5 Bxc3 10. bxc3 h6 11. Bh4 e5 12. Bc4 Bg4 13. h3 Bh5 14. Qd3 O-O 15. Rad1 g5 16. Bg3 b5 17. Qxd6 Qxd6 18. Rxd6 Nxe4 19. Rxc6 bxc4 20. Nxe5 Nxc3 21. Rxh6 Bd1 22. Nd7 Rfd8 23. Be5 f5 24. Nf6+ Kf7 25. Bxc3 Bxc2 26. Re1 Rd1 27. Rxd1 Bxd1 28. Nd5 Bc2 29. Rf6+ Kg8 30. Ne7+ Kh7 31. Nxf5 Rd8 32. Rh6+ 1-0

[Event "Spring op"]
[Site "Winnipeg CAN"]
[Date "1997.04.12"]
[Round "3"]
[White "Milord, Frank"]
[Black "Kim, Phillip"]
[Result "0-1"]
[WhiteElo "1609"]
[BlackElo "2073"]
[PlyCount "58"]
[GameId "2160767911966134"]
[EventDate "1997.04.12"]
[EventType "swiss"]
[EventRounds "5"]
[EventCountry "CAN"]

1. e4 c5 2. Nf3 d6 3. d4 cxd4 4. Nxd4 Nf6 5. Nc3 g6 6. Be3 Bg7 7. f3 O-O 8. Bc4 Nc6 9. Bb3 Bd7 10. Qd2 Ne5 11. O-O-O Qa5 12. Kb1 Rfc8 13. Nd5 Qxd2 14. Rxd2 Nxd5 15. exd5 b5 16. Rdd1 a5 17. a3 h6 18. h4 Rab8 19. Bc1 a4 20. Ba2 b4 21. axb4 Rxb4 22. Rhe1 Kf8 23. Re2 Nc4 24. Bxc4 Rcxc4 25. Nc6 Bxc6 26. dxc6 Rxc6 27. Re4 Rcb6 28. Rxb4 Rxb4 29. g3 Bxb2 0-1